00731nam a22002177a 450000500170000001000130001702000220003003500130005203700160006504000120008108200150009310000250010824501160013326000520024927000490030130000230035050000510037365000370042465000320046170000200049320170124105922.0 aA-790977 c00.00a8121506468 aA-790977 bCen Lib/Ret aDPLbEN a387.1bARA aArasaratnam, Sinnaph aMasulipatnam and Cambay :cby Sinanappah Arasaratnam [and] Aniruddha Raybhistory of two port-towns 1500-1800 / aNew DelhibMunshiram manoharlal publisherc1994 bNew Delhia5715,54 Rani jhansi road e110055 aix,314p.c21cm(Hb) aIncludes bibliographical references and index  aMachilipatnam (India) -- History aHarbors -- India -- History aRay, Aniruddha